00857nam a2200241Ia 450000100060000000300090000600800410001504000130005604000130006904100130008210000190009510000290011424500350014324500770017825000110025526000110026626000130027726000490029030000590033950001540039865000320055265000310058453500IT-RoPAU130308s9999 xx 000 0 und d aIT-RoPAU cIT-RoPAU aITALIANO aMamber Stephen gCodice Aut. SPICS: 18978 aCinema verità€ americano (Il) bNew American Cinema-Il Cinema indipendente Americano degli Anni Sessanta a1a ed. aMILANO bUbulibri c1986 [1° Ed.:1986 - Ed.Ling.Originale:1974] a"19 p. (prefazione: no ; testo: 19 [pagine: 155-173])" aJane Fonda The Chair di Robert Drew Happy Mother'S Day di Richard Leacock Showman dei Maysles Salesman dei Maysles Don'T look Back di D.A. Pennebaker aSTORIA NAZIONALE DEL CINEMA eCodice materia Spics: 6809